LEADER 01461nam a2200313 u 4500 001 000000063066 003 CaOOAMICUS 005 20070226121213.0 008 011017s1984 gw u000 u ger u 020 $a3525873859 035 $a10906825 040 $aPUL(R)$bita 245 00$aVergessene Theologen des 19. und frühen 20. Jahrhunderts :$bStudien zur Theologie geschichte /$cherausgegeben von Eilert Herms und Joachim Ringleben. 260 $aGöttingen :$bVandehoeck & Ruprecht,$c1984. 300 $a180 p. ;$c24 cm 490 1 $aGöttinger theologische Arbeiten ;$vBd. 32 504 $aBibliografia in nota. 650 4$aTeologia$xStoria$ySec. XIX.$0(OLS)http://pul/subject/11252 650 4$aTeologia$xStoria$ySec. XX.$0(OLS)http://pul/subject/9804 700 1 $aRingleben, Joachim.$0(OLS)http://pul/name/42862 700 1 $aHerms, Eilert.$0(OLS)http://pul/name/42861 830 0$aGöttinger theologische Arbeiten ;$vBd. 32.$0(OLS)http://pul/title/84117 850 $aPUL 852 $aPUL$W1$xSL Religione 1$y3$m70 E 41$j81882$nBK-PRI$b $qStampati$B81882$CPULBib$Z2$F81882 $H $81 941 1 $a8 961 $aINV: 53403 996 $6020$a3525873859$9(OLS)http://pul/number/81850 996 $6245$aVergessene Theologen des 19. und frühen 20. Jahrhunderts :$bStudien zur Theologie geschichte$9(OLS)http://pul/title/84116 996 $6260$aGöttingen :$bVandehoeck & Ruprecht$9(OLS)http://pul/publisher/49116 LEADER 01341nam a2200325 a 4500 001 000000173614 003 CaOOAMICUS 005 20200701112404.0 008 200701s2002 fr u001 u fre r 020 $z213050180X* 032 $aLibriCat 040 $aPUL$bita 082 04$a122 100 1 $aCarraud, Vincent,$d1957-$0(OLS)http://pul/name/49408 245 10$aCausa sive ratio : $b la raison de la cause, de Suarez a? Leibniz /$cVincent Carraud. 260 $aParis :$bPresses Universitaires de France,$c2002. 300 $a573 p. ;$c22 cm 490 1 $aEpiméthée 504 $aBibliografia in nota e alle p. [511]-561. 650 4$aRagione.$0(OLS)http://pul/subject/17533 650 4$aCausalitŕ (filosofia).$0(OLS)http://pul/subject/5137 830 0$aEpiméthée.$0(OLS)http://pul/title/13231 850 $aPUL 852 $aPUL$W1$xSL Filosofia 1$y2$m86 P 108$j197610$qStampati$B202398$CPULBib$Z2$F202398 $H134305 $82 941 1 $a8 996 $6020$z213050180X*$9(OLS)http://pul/number/167608 996 $6082$a122$9(OLS)http://pul/classification/3295 996 $6245$aCausa sive ratio : $b la raison de la cause, de Suarez a? Leibniz$9(OLS)http://pul/title/214794 996 $6260$aParis :$bPresses Universitaires de France$9(OLS)http://pul/publisher/47940